header

Order from disorder (Record no. 7153)

MARC details
000 -LEADER
fixed length control field 01390nam a2200337 a 4500
001 - CONTROL NUMBER
control field ebr10270989
003 - CONTROL NUMBER IDENTIFIER
control field CaPaEBR
006 - FIXED-LENGTH DATA ELEMENTS--ADDITIONAL MATERIAL CHARACTERISTICS--GENERAL INFORMATION
fixed length control field m u
007 - PHYSICAL DESCRIPTION FIXED FIELD--GENERAL INFORMATION
fixed length control field cr cn|||||||||
008 - FIXED-LENGTH DATA ELEMENTS--GENERAL INFORMATION
fixed length control field 070822s2007 ne sb 001 0 eng
010 ## - LIBRARY OF CONGRESS CONTROL NUMBER
Canceled/invalid LC control number 2007298915
020 ## - INTERNATIONAL STANDARD BOOK NUMBER
Cancelled/invalid ISBN 9004160183 (alk. paper)
Cancelled/invalid ISBN 9789004160187 (alk. paper)
040 ## - CATALOGING SOURCE
Original cataloging agency CaPaEBR
Transcribing agency CaPaEBR
035 ## - SYSTEM CONTROL NUMBER
System control number (OCoLC)646789794
050 14 - LIBRARY OF CONGRESS CALL NUMBER
Classification number B701.Z7
Item number P55 2007eb
100 1# - MAIN ENTRY--PERSONAL NAME
Personal name Phillips, John.
245 10 - TITLE STATEMENT
Title Order from disorder
Medium [electronic resource] :
Remainder of title Proclus' doctrine of evil and its roots in ancient platonism /
Statement of responsibility, etc by John Phillips.
260 ## - PUBLICATION, DISTRIBUTION, ETC. (IMPRINT)
Place of publication, distribution, etc Leiden ;
-- Boston :
Name of publisher, distributor, etc Brill,
Date of publication, distribution, etc 2007.
300 ## - PHYSICAL DESCRIPTION
Extent ix, 280 p.
490 1# - SERIES STATEMENT
Series statement Ancient Mediterranean and medieval texts and contexts,
International Standard Serial Number 1871-188X ;
Volume number/sequential designation v. 5
504 ## - BIBLIOGRAPHY, ETC. NOTE
Bibliography, etc Includes bibliographical references (p. [269]-276) and index.
533 ## - REPRODUCTION NOTE
Type of reproduction Electronic reproduction.
Place of reproduction Palo Alto, Calif. :
Agency responsible for reproduction ebrary,
Date of reproduction 2013.
Note about reproduction Available via World Wide Web.
-- Access may be limited to ebrary affiliated libraries.
600 00 - SUBJECT ADDED ENTRY--PERSONAL NAME
Personal name Proclus,
Dates associated with a name ca. 410-485.
Personal name Plato
General subdivision Influence.
650 #0 - SUBJECT ADDED ENTRY--TOPICAL TERM
Topical term or geographic name as entry element Good and evil.
655 #7 - INDEX TERM--GENRE/FORM
Genre/form data or focus term Electronic books.
Source of term local
710 2# - ADDED ENTRY--CORPORATE NAME
Corporate name or jurisdiction name as entry element ebrary, Inc.
830 #0 - SERIES ADDED ENTRY--UNIFORM TITLE
Uniform title Medieval philosophy, mathematics, and science ;
Volume number/sequential designation v. 5.
856 40 - ELECTRONIC LOCATION AND ACCESS
Uniform Resource Identifier <a href="http://site.ebrary.com/lib/rucke/Doc?id=10270989">http://site.ebrary.com/lib/rucke/Doc?id=10270989</a>
Public note An electronic book accessible through the World Wide Web; click to view

No items available.

© 2026 Rongo University
Contact us: librarian | system librarian | Rongo university